Central Library OPAC University of Rajshahi

Insects, experts, and the insecticide crisis : (Record no. 52994)

MARC details
000 -LEADER
fixed length control field 00779nam a2200241 a 4500
001 - CONTROL NUMBER
control field 52994
003 - CONTROL NUMBER IDENTIFIER
rucl marc code BD-RjUL
005 - DATE AND TIME OF LATEST TRANSACTION
control field 20211209075907.0
008 - FIXED-LENGTH DATA ELEMENTS--GENERAL INFORMATION
fixed length control field 161002b1982 n a|||| |||| 001 0 eng d
020 ## - INTERNATIONAL STANDARD BOOK NUMBER
International Standard Book Number 0306407701
035 ## - SYSTEM CONTROL NUMBER
System control number (BD-RjUL)53114
040 ## - CATALOGING SOURCE
Original cataloging agency BD-RjUL
Language of cataloging eng
Transcribing agency BD-RjUL
041 ## - LANGUAGE CODE
Language code of text/sound track or separate title eng
082 ## - DEWEY DECIMAL CLASSIFICATION NUMBER
Edition number 23
Classification number 632.70973
Author mark and year PEI 1982
100 ## - MAIN ENTRY--PERSONAL NAME
Personal name Perkins, John H.
9 (RLIN) 158405
245 ## - TITLE STATEMENT
Title Insects, experts, and the insecticide crisis :
Remainder of title the quest for new pest management strategies /
Statement of responsibility, etc. John H Perkins
260 ## - PUBLICATION, DISTRIBUTION, ETC. (IMPRINT)
Place of publication, distribution, etc. New York :
Name of publisher, distributor, etc. Plenum press,
Date of publication, distribution, etc. c1982.
300 ## - PHYSICAL DESCRIPTION
Pagination xviii, 304 p. :
Illustrations ill. ;
Size 23 cm.
500 ## - GENERAL NOTE
General note Includes index
650 ## - SUBJECT ADDED ENTRY--TOPICAL TERM
Topical term or geographic name as entry element Insect pests
General subdivision History
Geographic subdivision United States
9 (RLIN) 158406
Topical term or geographic name as entry element Insecticides
General subdivision History.
Geographic subdivision United States
9 (RLIN) 158407
942 ## - ADDED ENTRY ELEMENTS (KOHA)
Source of classification or shelving scheme Dewey Decimal Classification
Koha item type Books
Holdings
Lost status Source of classification or shelving scheme Damaged status Not for loan Collection code Permanent Location Current Location Shelving location Date acquired Source of acquisition Cost, normal purchase price Total Checkouts Full call number Date last seen Copy number Koha item type
  Dewey Decimal Classification     Non-fiction Central Library, University of Rajshahi Central Library, University of Rajshahi   22/04/1984 Toppa Co. Sing 35.40   632.70973 PEI 1982 02/10/2016 C-2 Books
  Dewey Decimal Classification   Not For Loan Non-fiction Central Library, University of Rajshahi Central Library, University of Rajshahi Reading Room 16/09/1984 Tupan tulip 40.95   632.70973 PEI 1982 14/03/2017 C-1 Books
  Dewey Decimal Classification     Non-fiction Central Library, University of Rajshahi Central Library, University of Rajshahi Reading Room 16/09/1984 Tupan tulip 40.95   632.70973 PEI 1982 14/03/2017 C-3 Books
  Dewey Decimal Classification     Non-fiction Central Library, University of Rajshahi Central Library, University of Rajshahi   22/01/1986 Toppan & co. 40.95   632.70973 PEI 1982 28/05/2017 C-4 Books
  Dewey Decimal Classification     Non-fiction Central Library, University of Rajshahi Central Library, University of Rajshahi   22/01/1986 Toppan & co. 40.95   632.70973 PEI 1982 28/05/2017 C-5 Books